Préfectures de France avec B - Mort Subite - Statistiques

Statistiques générales
  • Ce quiz a été pris 120 fois
    33 depuis la dernière actualisation
  • Le résultat moyen est 13 sur 19
Answers on the Grid
Answers color-coded by a green-red scale on the quiz's grid according to % correct below.
01
41
17
33
95
82
971
02
04
93
28
81
976
90
73
37
65
86
22
60
38
47
55
56
25
54
68
18
29
21
10
30
2B
42
75
67
 
Statistiques - réponses
Réponse % Correct
90
82%
01
77%
2B
77%
33
77%
18
73%
60
73%
25
68%
41
68%
55
68%
67
68%
22
64%
38
64%
65
64%
81
64%
73
59%
82
55%
93
55%
04
50%
971
45%
Aucun quiz correspondant
Distribution des résultats
% des personnes avec chaque résultat
Percentile par nombre de réponses
Votre historique - résultats
Vous n’avez pas pris ce quiz depuis la dernière actualisation